Светские скандалы (Запись № 1486170)

Подробности
000 -МАРКЕР
контрольное поле 02883nam0a2200409 4500
001 - ИДЕНТИФИКАТОР ЗАПИСИ
контрольное поле RU\NLR\bibl\1754676
005 - ИДЕНТИФИКАТОР ВЕРСИИ
контрольное поле 20250616121708.0
010 ## - МЕЖДУНАРОДНЫЙ СТАНДАРТНЫЙ НОМЕР КНИГИ (ISBN)
Номер (ISBN) 978-5-17-071665-4
021 ## - НОМЕР ГОСУДАРСТВЕННОЙ РЕГИСТРАЦИИ
Код страны Российская Федерация
Номер 2011-19069
Номер Листа государственной регистраци 1349
035 ## - ДРУГИЕ СИСТЕМНЫЕ НОМЕРА
Идентификатор записи (nilc)IZD\AST\2007\1074816
035 ## - ДРУГИЕ СИСТЕМНЫЕ НОМЕРА
Идентификатор записи (NLR Aleph) 001745517
100 ## - ДАННЫЕ ОБЩЕЙ ОБРАБОТКИ
Данные общей обработки 20110610d2011 |||y0rusy50 ca
101 1# - ЯЗЫК РЕСУРСА
Язык текста, звукозаписи и т.д. русский
Язык оригинала английский
102 ## - СТРАНА ПУБЛИКАЦИИ ИЛИ ПРОИЗВОДСТВА
Страна публикации Российская Федерация
105 ## - ПОЛЕ КОДИРОВАННЫХ ДАННЫХ: ТЕКСТОВЫЕ МАТЕРИАЛЫ, МОНОГРАФИЧЕСКИЕ
Кодированные данные о монографическом текстовом документе y |||||||||
200 1# - ЗАГЛАВИЕ И СВЕДЕНИЯ ОБ ОТВЕТСТВЕННОСТИ
Основное заглавие Светские скандалы
Сведения, относящиеся к заглавию [сборник
Первые сведения об ответственности пер с англ. Т. А. Осиной]
210 ## - ПУБЛИКАЦИЯ, РАСПРОСТРАНЕНИЕ И ДР.
Место издания, распространения и т.д. Москва
Имя издателя, распространителя и т. д. АСТ
-- Астрель
Место издания, распространения и т.д. Владимир
Имя издателя, распространителя и т. д. ВКТ
Дата издания, распространения и т.д. 2011
215 ## - ФИЗИЧЕСКАЯ ХАРАКТЕРИСТИКА
Специфическое обозначение материала и объем 316, [1] с.
Размеры 17
225 1# - СЕРИЯ
Основное заглавие серии Очарование
225 1# - СЕРИЯ
Основное заглавие серии Мини Шарм
300 ## - ОБЩИЕ ПРИМЕЧАНИЯ
Текст примечания На обл. и корешке авт.: Карен Хокинс, Сюзанна Энок
327 1# - ПРИМЕЧАНИЯ О СОДЕРЖАНИИ
Текст примечания Содерж.: Истинная любовь / Сюзанна Энок. Два сердца /Карен Хокинс
330 ## - РЕЗЮМЕ ИЛИ РЕФЕРАТ
Текст примечания От всезнающей леди Уислдаун не укроется ни одна любовная история в высшем свете| Юная красавица с рождения помолвлена, но с будущим супругом до сих пор не встречалась. И вот он примчался в Лондон, прослышав, что его нареченная напропалую кокетничает с великосветскими щеголями. Чем закончится их знакомство - свадьбой или разрывом? Молодой повеса привык видеть в обворожительной леди лишь подругу сестры. Но стоило ей выбрать жениха = нельзя же всю жизнь оставаться старой девой, - как он понимает, что всегда любил только ее и никогда никому не отдаст. Две повести. Две очаровательные романтические истории|
464 #0 - АНАЛИТИЧЕСКИЙ УРОВЕНЬ
Встроенное поле 2001#$aИстинная любовь$fСюзанна Энок
-- 700#1$aЭнок$bС.$gСюзанна
Заглавие Истинная любовь
Автор Энок, Сюзанна
464 #0 - АНАЛИТИЧЕСКИЙ УРОВЕНЬ
Встроенное поле 2001#$aДва сердца$fКарен Хокинс
-- 700#1$aХокинс$bК.$gКарен
Заглавие Два сердца
Автор Хокинс, Карен
686 ## - ИНДЕКСЫ ДРУГИХ КЛАССИФИКАЦИЙ
Индекс 84(7Сое)
Издание LBC/RL
Код системы
686 ## - ИНДЕКСЫ ДРУГИХ КЛАССИФИКАЦИЙ
Индекс 0661
-- Зарубежная сентиментальная литература
Код системы
686 ## - ИНДЕКСЫ ДРУГИХ КЛАССИФИКАЦИЙ
Индекс Ш6(7США)67-440.4я43{Лх1979-50сб}
801 #0 - ИСТОЧНИК ЗАПИСИ
Страна Российская Федерация
Организация ЛИБНЕТ
Дата составления 20110610
Правила каталогизации RCR
801 #1 - ИСТОЧНИК ЗАПИСИ
Страна Российская Федерация
Организация ЛИБНЕТ
Дата составления 20110610
801 #2 - ИСТОЧНИК ЗАПИСИ
Страна Российская Федерация
Организация НБР Карелия
Дата составления 20110714
801 #2 - ИСТОЧНИК ЗАПИСИ
Страна Российская Федерация
Организация NLR
Дата составления 20110405
Правила каталогизации rcr
830 ## - ОБЩЕЕ ПРИМЕЧАНИЕ, СОСТАВЛЕННОЕ КАТАЛОГИЗАТОРОМ
Текст примечания CODE_OF_LIBNET\000060525
942 ## - ДОПОЛНИТЕЛЬНЫЕ ЭЛЕМЕНТЫ ЗАПИСИ (АБИС)
Тип экземпляра АБИС Книга
980 ## - КОЛЛЕКЦИЯ
Название коллекции Национальная библиография
Экземпляры
Тип экземпляра Дата поступления Источник поступления Библиотека постоянного хранения Библиотека текущего хранения Место хранения Шифр хранения Штрих-код Статус экземпляра
Книга 05.04.2011 Обязательный экземпляр РНБ (Московский) РНБ (Московский) Русский книжный фонд: издания с 1957 года 2011-2/1203 3390620  
Книга 05.04.2011 Обязательный экземпляр РНБ (Московский) РНБ (Московский) Русский книжный фонд: издания с 1957 года 2011-2/1203 3390621